Dislocations and plastic flow in crystals / (Record no. 11243)
[ view plain ]
| 000 -LEADER | |
|---|---|
| fixed length control field | 00906cam a22002891 4500 |
| 001 - CONTROL NUMBER | |
| control field | 11243 |
| 003 - CONTROL NUMBER IDENTIFIER | |
| rucl marc code | BD-RjUL |
| 005 - DATE AND TIME OF LATEST TRANSACTION | |
| control field | 20211208235108.0 |
| 008 - FIXED-LENGTH DATA ELEMENTS--GENERAL INFORMATION | |
| fixed length control field | 140126t1956 enka 001 0 eng |
| 035 ## - SYSTEM CONTROL NUMBER | |
| System control number | (BD-RjUL)11292 |
| System control number | (OCoLC)545524 |
| 040 ## - CATALOGING SOURCE | |
| Original cataloging agency | DLC |
| Transcribing agency | ODaWU |
| Modifying agency | OCoLC |
| -- | Uk |
| -- | DLC |
| -- | BD-RjUL |
| Language of cataloging | eng |
| 041 ## - LANGUAGE CODE | |
| Language code of text/sound track or separate title | eng |
| 082 00 - DEWEY DECIMAL CLASSIFICATION NUMBER | |
| Classification number | 548.84 |
| Edition number | 16 |
| Author mark and year | COD 1956 |
| 100 1# - MAIN ENTRY--PERSONAL NAME | |
| Personal name | Cottrell, Alan, |
| Dates associated with a name | 1919-2012. |
| 9 (RLIN) | 34795 |
| 245 10 - TITLE STATEMENT | |
| Title | Dislocations and plastic flow in crystals / |
| Statement of responsibility, etc. | A. H. cottrell. |
| 260 ## - PUBLICATION, DISTRIBUTION, ETC. (IMPRINT) | |
| Place of publication, distribution, etc. | Oxford : |
| Name of publisher, distributor, etc. | Clarendon Press, |
| Date of publication, distribution, etc. | 1956 [reprint 1958] |
| 300 ## - PHYSICAL DESCRIPTION | |
| Pagination | ix, 223 p. : |
| Illustrations | ill. ; |
| Size | 25 cm. |
| 490 0# - SERIES STATEMENT | |
| Series statement | The International series of monographs on physics |
| 504 ## - BIBLIOGRAPHY, ETC. NOTE | |
| Bibliography, etc | Includes index. |
| 650 #0 - SUBJECT ADDED ENTRY--TOPICAL TERM | |
| Topical term or geographic name as entry element | Crystallography. |
| 9 (RLIN) | 34796 |
| Topical term or geographic name as entry element | Plasticity. |
| 9 (RLIN) | 27076 |
| Topical term or geographic name as entry element | Deformations (Mechanics) |
| 9 (RLIN) | 34797 |
| Topical term or geographic name as entry element | Dislocations in crystals. |
| 9 (RLIN) | 34059 |
| 942 ## - ADDED ENTRY ELEMENTS (KOHA) | |
| Source of classification or shelving scheme | Dewey Decimal Classification |
| Koha item type | Books |
| Lost status | Source of classification or shelving scheme | Damaged status | Not for loan | Collection code | Permanent Location | Current Location | Shelving location | Date acquired | Source of acquisition | Total Checkouts | Full call number | Date last seen | Copy number | Koha item type |
|---|---|---|---|---|---|---|---|---|---|---|---|---|---|---|
| Dewey Decimal Classification | Not For Loan | Non-fiction | Central Library, University of Rajshahi | Central Library, University of Rajshahi | Reading Room | 08/06/1959 | British councle | 548.84 COD 1956 | 26/01/2014 | C-1 | Books | |||
| Dewey Decimal Classification | Non-fiction | Central Library, University of Rajshahi | Central Library, University of Rajshahi | 17/02/1973 | Britain Gift | 548.84 COD 1965 | 26/01/2014 | C-3 | Books | |||||
| Dewey Decimal Classification | Non-fiction | Central Library, University of Rajshahi | Central Library, University of Rajshahi | 27/11/1958 | Colombo Plan | 548.84 COD 1956 | 25/05/2017 | C-2 | Books |